Arbitration in Scotland will be transformed (Record no. 83066)

MARC details
000 -LEADER
fixed length control field 00868cad a22002175a 4500
001 - CONTROL NUMBER
control field E152711
008 - FIXED-LENGTH DATA ELEMENTS--GENERAL INFORMATION
fixed length control field 110418s2010 xxk 000 0 eng d
035 ## - SYSTEM CONTROL NUMBER
System control number (Sirsi) u152711
041 0# - LANGUAGE CODE
Language code of text/sound track or separate title eng
110 1# - MAIN ENTRY--CORPORATE NAME
Corporate name or jurisdiction name as entry element Dundas & Wilson
9 (RLIN) 3602
245 00 - TITLE STATEMENT
Title Arbitration in Scotland will be transformed
Remainder of title are you ready?
Medium [electronic resource]
260 ## - PUBLICATION, DISTRIBUTION, ETC.
Date of publication, distribution, etc. 2010
490 ## - SERIES STATEMENT
Series statement Dundas & Wilson Alert
Volume/sequential designation June 2010
520 ## - SUMMARY, ETC.
Summary, etc. Discusses the Arbitration (Scotland) Act 2010, and advises on steps to take to prepare for its introduction.
590 ## - LOCAL NOTE (RLIN)
Local note KA
650 24 - SUBJECT ADDED ENTRY--TOPICAL TERM
Topical term or geographic name entry element ARBITRATION (SCOTLAND) ACT 2010
651 #4 - SUBJECT ADDED ENTRY--GEOGRAPHIC NAME
Geographic name Scotland
Chronological subdivision 1999-
690 ## - LOCAL SUBJECT ADDED ENTRY--TOPICAL TERM (OCLC, RLIN)
Topical term or geographic name as entry element MANAGEMENT-DISPUTE AVOIDANCE, MANAGEMENT AND RESOLUTION-DISPUTE MANAGEMENT AND RESOLUTION
856 40 - ELECTRONIC LOCATION AND ACCESS
Uniform Resource Identifier <a href="https://www.dundas-wilson.com/publications/dw_cms_6548.asp">https://www.dundas-wilson.com/publications/dw_cms_6548.asp</a>
Public note View the article free of charge at www.dundas-wilson.com
942 ## - ADDED ENTRY ELEMENTS (KOHA)
Suppress in OPAC 0
Holdings
Withdrawn status Lost status Source of classification or shelving scheme Damaged status Not for loan Home library Current library Shelving location Date acquired Total Checkouts Full call number Barcode Date last seen Copy number Price effective from Koha item type
    Dewey Decimal Classification     Virtual Virtual Online 18/04/2011   ONLINE PUBLICATION 152711-1001 06/08/2019 1 06/08/2019 Journal article